000 00278cam a2200121ua 4500
082 _a824
_bKRI/ON
100 _aKrishnamurthy, S .
_91645
245 _aOn the Heights /
250 _a1 /
260 _aChennai :
_bOrient-Longman Ltd ,
_c1971.
300 _a144 ; .
942 _cBK
999 _c6931
_d6931